[Event "AUT-ch U18"]
[Site "St Veit"]
[Date "2017.04.13"]
[Round "7"]
[White "Linhart, Felix"]
[Black "Lafer, David"]
[Result "1-0"]
[WhiteElo "1511"]
[BlackElo "1694"]
[PlyCount "77"]
[EventDate "2017.04.09"]
[EventType "swiss"]
[EventRounds "7"]
[EventCountry "AUT"]
[SourceTitle "CBM 178 Extra"]
[Source "ChessBase"]
[SourceDate "2017.06.22"]
[SourceVersion "1"]
[SourceVersionDate "2017.06.22"]
[SourceQuality "1"]

1. e4 e6 2. d4 d5 3. Nd2 Nf6 4. e5 Nfd7 5. Ngf3 c5 6. c3 Nc6 7. Be2 cxd4 8. cxd4 f6 9. exf6 Nxf6 10. 0-0 Bd6 11. Re1 0-0 12. Nf1 Bd7 13. a3 Rc8 14. Bg5 Qb6 15. Rb1 Ne4 16. Be3 Na5 17. N1d2 Nxd2 18. Nxd2 Bb5 19. Bxb5 Qxb5 20. Qg4 Qd7 21. Bg5 Rf5 22. Nf3 Rcf8 23. Re2 Qf7 24. Rbe1 Nc4 25. Rxe6 Qc7 26. Bh6 R5f6 27. Bc1 Bf4 28. Rxf6 Rxf6 29. Bxf4 Rxf4 30. Re8+ Rf8 31. Rxf8+ Kxf8 32. Qf5+ Qf7 33. Qxh7 Qf4 34. Qh8+ Kf7 35. Qh5+ Kf8 36. h4 Nd2 37. Qxd5 b6 38. Ne5 Qf6 39. Nd7+ 1-0

[Event "AUT-ch U18"]
[Site "St Veit"]
[Date "2017.04.12"]
[Round "6"]
[White "Linhart, Felix"]
[Black "Tauber, Andreas"]
[Result "0-1"]
[WhiteElo "1511"]
[BlackElo "1993"]
[PlyCount "50"]
[EventDate "2017.04.09"]
[EventType "swiss"]
[EventRounds "7"]
[EventCountry "AUT"]
[SourceTitle "CBM 178 Extra"]
[Source "ChessBase"]
[SourceDate "2017.06.22"]
[SourceVersion "1"]
[SourceVersionDate "2017.06.22"]
[SourceQuality "1"]

1. e4 c5 2. Nf3 d6 3. d4 cxd4 4. Nxd4 Nf6 5. Nc3 Nc6 6. Be3 Ng4 7. Qd2 Nxe3 8. Qxe3 g6 9. h4 h5 10. Be2 Bd7 11. f3 Qb6 12. 0-0-0 Bg7 13. Nd5 Bxd4 14. Qa3 Qd8 15. g4 e6 16. Qxd6 exd5 17. Rxd4 Nxd4 18. Qe5+ Ne6 19. Qxh8+ Ke7 20. Qxd8+ Rxd8 21. exd5 Nf4 22. Re1 hxg4 23. c4 g3 24. c5 Kf6 25. Bc4 Bc8 0-1

[Event "AUT-ch U18"]
[Site "St Veit"]
[Date "2017.04.10"]
[Round "3"]
[White "Linhart, Felix"]
[Black "Walder, Elias"]
[Result "1/2-1/2"]
[WhiteElo "1511"]
[BlackElo "1892"]
[PlyCount "59"]
[EventDate "2017.04.09"]
[EventType "swiss"]
[EventRounds "7"]
[EventCountry "AUT"]
[SourceTitle "CBM 178 Extra"]
[Source "ChessBase"]
[SourceDate "2017.06.22"]
[SourceVersion "1"]
[SourceVersionDate "2017.06.22"]
[SourceQuality "1"]

1. e4 c5 2. Nf3 g6 3. d4 cxd4 4. Nxd4 Bg7 5. Nc3 Nc6 6. Be3 Nf6 7. Nxc6 bxc6 8. e5 Ng8 9. Bd4 f6 10. f4 Qa5 11. Qe2 Rb8 12. 0-0-0 fxe5 13. Bxe5 Bxe5 14. Qxe5 Qxe5 15. fxe5 Nh6 16. Bc4 Rf8 17. h3 Rf5 18. Rde1 e6 19. Ne4 Ke7 20. Nd6 Rf2 21. g4 Nf7 22. Nxf7 Rxf7 23. Rhf1 Rxf1 24. Rxf1 Rb6 25. Rf3 Ba6 26. Bxa6 Rxa6 27. a3 Ra4 28. Kd2 Re4 29. Re3 Rf4 30. Ke2 1/2-1/2

[Event "AUT-ch U16"]
[Site "St Veit"]
[Date "2016.03.22"]
[Round "5"]
[White "Schmidt, Florian"]
[Black "Linhart, Felix"]
[Result "1/2-1/2"]
[WhiteElo "1637"]
[BlackElo "1418"]
[PlyCount "49"]
[EventDate "2016.03.20"]
[EventType "swiss"]
[EventRounds "7"]
[EventCountry "AUT"]
[SourceTitle "CBM 171 Extra"]
[Source "ChessBase"]
[SourceDate "2016.04.26"]
[SourceVersion "1"]
[SourceVersionDate "2016.04.26"]
[SourceQuality "1"]

1. e4 e5 2. Nf3 Nc6 3. Bb5 a6 4. Ba4 Nf6 5. 0-0 b5 6. Bb3 Bc5 7. a4 Rb8 8. axb5 axb5 9. Nxe5 Nxe5 10. d4 Bxd4 11. Qxd4 d6 12. f4 c5 13. Qd1 Neg4 14. e5 c4 15. exf6 Qb6+ 16. Kh1 Nf2+ 17. Rxf2 Qxf2 18. Ba2 Bb7 19. Qg1 Bxg2+ 20. Qxg2 Qe1+ 21. Qg1 Qe4+ 22. Qg2 Qe1+ 23. Qg1 Qe4+ 24. Qg2 Qe1+ 25. Qg1 1/2-1/2